000 00777cam a2200241 a 4500
001 000019833
005 20200929170146.0
008 750201s1980 vtua 001 0 eng d
020 _a0804811318
040 _aDO-SdBNP
_beng
_cLC
_dBNPHU
050 1 0 _aPN2921
_b.B6 1974
082 _ann*
_bnn*
100 1 _aBowers, Faubion,
_d1917-
_942335
245 1 0 _aJapanese theatre /
_cFaubion Bowers ; prefacio Joshua Logan.
260 _aRutland, Vermont :
_bCharles E. Tuttle Company,
_c1980.
300 _axxv, 294 p. :
_bil. ;
_c18 cm.
500 _aIncluye índice.
650 0 _aTheater
_zJapan
_xHistory.
_942336
650 0 _aJapanese drama
_xHistory and criticism.
_942337
700 1 _aLogan, Joshua,
_epról.
_942338
910 _aCatalogación derivada / LC
049 _aBNGR
999 _c19346
_d19346